000
00337nam a2200157Ia 4500
100
_a
Basu/Ron/ Wright/J.N
942
_c
BK
366
_f
20
654
_a
supply chain
245
_a
Total supply chain management
260
_b
Elsevier
_c
2008
082
_a
658.7
_b
BAS
300
_a
392
546
_a
ENGLISH
_c
Computers
999
_c
23025
_d
23025